000 00298nam a2200109Ia 4500
008 171204s9999 xx 000 0 und d
245 _aAbnormal Psychology:
245 _cRonald J. Comer
260 _c2015
650 _xABNORMAL PSYCHOLOGY
856 _uhttp://down.ebook777.com/028/AbnPsyNinEdi.pdf
999 _c346401
_d346401